[Event "7. LGA Premium Cup"]
[Site "Nürnberg"]
[Date "2010.09.05"]
[Round "6.37"]
[White "Löw, Gerald"]
[Black "Demel, Paul"]
[Result "1/2-1/2"]
[WhiteElo "2263"]
[BlackElo "2152"]
[PlyCount "139"]
[EventDate "2010.09.02"]
[WhiteTeam "TSV Bindlach Aktionär-Schachabte"]
[BlackTeam "SK Kriegshaber"]

1. c4 e5 2. g3 Nf6 3. Bg2 Nc6 4. Nc3 Bc5 5. Nf3 a6 6. O-O d6 7. d3 h6 8. a3 O-O
9. b4 Ba7 10. Bb2 Rb8 11. Rc1 Ne7 12. d4 exd4 13. Nxd4 c5 14. Nc2 b5 15. cxb5
axb5 16. Ne3 cxb4 17. axb4 Bxe3 18. fxe3 Ng4 19. Qd4 Ne5 20. Ne4 Rb6 21. Nxd6
Qxd6 22. Qxe5 Qxe5 23. Bxe5 Be6 24. Rc5 Bc4 25. Bf3 Ra6 26. Rc1 Rc8 27. Bb7
Rxc5 28. bxc5 Re6 29. Bd6 Nf5 30. Bc8 Rxd6 31. cxd6 Nxd6 32. Ba6 Kf8 33. Kf2
Ke7 34. e4 Ke6 35. Ke3 Ke5 36. Rd1 h5 37. Rc1 Nxe4 38. Bb7 Nd6 39. Bf3 h4 40.
gxh4 Nf5+ 41. Kf2 Nxh4 42. Rg1 Nxf3 43. Kxf3 g6 44. Ke3 Kf5 45. h4 Ke5 46. Rg5+
Kd6 47. Kd2 b4 48. e3 b3 49. Kc3 Be6 50. Rb5 Ke7 51. Kd4 Kd6 52. Rb6+ Kc7 53.
Kc5 Kd7 54. Rb7+ Kc8 55. Rb6 Kd7 56. e4 Kc7 57. Rb4 Kd7 58. Rb7+ Ke8 59. Kd6
Kf8 60. Rb8+ Kg7 61. Ke7 Kh6 62. Rh8+ Kg7 63. Rb8 Kh6 64. Rb5 Bc4 65. Rb4 Be6
66. Kf6 Kh5 67. e5 Kh6 68. Rb8 Kh7 69. Rb6 Kh6 70. Rb8 1/2-1/2

[Event "7. LGA Premium Cup"]
[Site "Nürnberg"]
[Date "2010.09.05"]
[Round "6.38"]
[White "Sobolevsky, Leonid"]
[Black "Zier, Oliver"]
[Result "1-0"]
[WhiteElo "2252"]
[BlackElo "2139"]
[PlyCount "151"]
[EventDate "2010.09.02"]
[WhiteTeam "Schachzirkel Elstertal Langenber"]
[BlackTeam "TSV Bindlach Aktionär-Schachabte"]

1. e4 e6 2. d4 d5 3. Nc3 Nf6 4. e5 Nfd7 5. Qg4 c5 6. dxc5 Nxe5 7. Qg3 Nbc6 8.
Nf3 Nxf3+ 9. gxf3 Nd4 10. Bd3 Qf6 11. Bf4 Bxc5 12. O-O-O Nf5 13. Bxf5 Qxf5 14.
Bd6 Bxd6 15. Qxd6 Qg5+ 16. Kb1 Qe7 17. Qe5 Qf6 18. Rxd5 Qxe5 19. Rxe5 Bd7 20.
Rg1 O-O 21. Reg5 g6 22. h4 Bc6 23. R5g3 Rad8 24. Kc1 Rd4 25. h5 Rf4 26. hxg6
hxg6 27. Ne2 Rxf3 28. Rxf3 Bxf3 29. Nd4 Bd5 30. f4 Rd8 31. b3 Be4 32. c3 Kg7
33. Kd2 Rh8 34. Ke3 Bc6 35. Nxc6 bxc6 36. Rd1 Rh2 37. a4 Rb2 38. b4 Rb3 39. Kd4
a5 40. Kc4 Ra3 41. Re1 Kf6 42. Re5 axb4 43. cxb4 Rf3 44. Re4 Kf5 45. Rd4 e5 46.
fxe5 g5 47. Rd1 g4 48. a5 g3 49. Kc5 g2 50. Rg1 Rc3+ 51. Kd6 Rc2 52. a6 Ra2 53.
a7 Kf4 54. Rxg2 Rxa7 55. Rc2 Rb7 56. Rc4+ Kf5 57. Kxc6 Re7 58. Rc5 Re6+ 59. Kd7
Ke4 60. b5 Kd4 61. Rc6 Rxe5 62. b6 f5 63. Rf6 Ke3 64. Re6 Rxe6 65. Kxe6 f4 66.
b7 f3 67. b8=Q Kf2 68. Kf5 Kg2 69. Qb7 Kg3 70. Qc7+ Kg2 71. Qc6 Kg3 72. Qd6+
Kg2 73. Qd5 Kg3 74. Qe5+ Kg2 75. Qe4 Kg3 76. Qg4+ 1-0

[Event "7. LGA Premium Cup"]
[Site "Nürnberg"]
[Date "2010.09.05"]
[Round "6.39"]
[White "Nuber, Blasius"]
[Black "Maurer, Christian"]
[Result "1-0"]
[WhiteElo "2243"]
[BlackElo "1990"]
[PlyCount "74"]
[EventDate "2010.09.02"]
[WhiteTeam "SC Dillingen"]
[BlackTeam "SK Kelheim 1920"]

1. e4 e5 2. Nf3 Nc6 3. d4 exd4 4. Nxd4 Bc5 5. Nb3 Bb6 6. Nc3 Qf6 7. Qe2 Nge7 8.
g3 O-O 9. Bg2 d6 10. h4 Nd4 11. Nxd4 Bxd4 12. Bd2 Bd7 13. f4 Rab8 14. g4 Bxc3
15. bxc3 d5 16. e5 Qb6 17. h5 h6 18. f5 f6 19. e6 Bb5 20. Qe3 Qd6 21. Kf2 c5
22. Qf4 Qa6 23. Qc7 Rfe8 24. a4 Be2 25. Kg3 Bxg4 26. Bf1 Be2 27. Qf4 d4 28. Rh2
Bxf1 29. Rxf1 Nd5 30. Qf3 Qd6+ 31. Kh3 Ne3 32. Bxe3 dxe3 33. Rd1 e2 34. Rxd6
e1=Q 35. Rdd2 Qg1 36. Qg2 Qxg2+ 37. Rhxg2 Rbd8 {Zeit schwarz} 1-0

[Event "7. LGA Premium Cup"]
[Site "Nürnberg"]
[Date "2010.09.05"]
[Round "6.41"]
[White "Finster, Michael"]
[Black "Kordts, Wolfgang"]
[Result "0-1"]
[WhiteElo "2153"]
[BlackElo "2237"]
[PlyCount "66"]
[EventDate "2010.09.02"]
[WhiteTeam "SW Nürnberg Süd e.V."]
[BlackTeam "SC Postbauer-Heng e.V"]

1. e4 c5 2. Nc3 Nc6 3. g3 g6 4. Bg2 Bg7 5. d3 d6 6. Be3 Nd4 7. Qd2 Nf6 8. h3
O-O 9. Nd1 e5 10. c3 Ne6 11. Bh6 d5 12. Bxg7 Nxg7 13. Qh6 dxe4 14. dxe4 Qd3 15.
Ne3 Kh8 16. Nf3 Ng8 17. Qh4 f6 18. Bf1 Qd6 19. Rd1 Qc6 20. g4 Qxe4 21. Bg2 Qa4
22. b3 Qxa2 23. g5 Nh5 24. gxf6 Nf4 25. O-O Nxf6 26. Nxe5 N6h5 27. Nd5 Be6 28.
Ne7 Kg7 29. Rd6 Rae8 30. N7xg6 hxg6 31. Qg5 Rf5 32. Qh4 Rxe5 33. Bf3 g5 0-1

[Event "7. LGA Premium Cup"]
[Site "Nürnberg"]
[Date "2010.09.05"]
[Round "6.42"]
[White "Saathoff, Richard"]
[Black "Heimrath, Reiner"]
[Result "0-1"]
[WhiteElo "2152"]
[BlackElo "2231"]
[PlyCount "78"]
[EventDate "2010.09.02"]
[WhiteTeam "SW Nürnberg Süd e.V."]
[BlackTeam "SC Noris-Tarrasch Nürnberg 1873"]

1. e4 d6 2. d4 Nf6 3. Nc3 g6 4. Bg5 Bg7 5. e5 Nfd7 6. f4 O-O 7. Nf3 f6 8. Bc4+
Kh8 9. exf6 exf6 10. Bh4 c6 11. Qd2 b5 12. Bd3 Nb6 13. O-O Nc4 14. Bxc4 bxc4
15. Bf2 Bg4 16. Be3 Nd7 17. h3 Bxf3 18. Rxf3 f5 19. d5 c5 20. Re1 Qa5 21. Bf2
Nb6 22. Re6 Na4 23. Rxd6 Nxb2 24. Rc6 Na4 25. Be1 Rfe8 26. Re6 Rxe6 27. dxe6
Bxc3 28. Qd7 Bd4+ 29. Qxd4+ cxd4 30. Bxa5 Re8 31. Bc7 Kg8 32. Be5 Nc3 33. Kf1
Ne4 34. Ra3 Rxe6 35. Bxd4 a6 36. Ra5 Rd6 37. c3 h5 38. Ke2 Kf7 39. Ra4 Rxd4 0-1

[Event "7. LGA Premium Cup"]
[Site "Nürnberg"]
[Date "2010.09.05"]
[Round "6.43"]
[White "Lais, Thomas"]
[Black "Lechtynsky, Jiri"]
[Result "0-1"]
[WhiteElo "1916"]
[BlackElo "2380"]
[PlyCount "126"]
[EventDate "2010.09.02"]
[WhiteTeam "SW Nürnberg Süd e.V."]
[BlackTeam "SC Hoyerswerda"]

1. e4 c6 2. d4 d5 3. exd5 cxd5 4. c4 Nf6 5. Nc3 e6 6. Nf3 Bb4 7. cxd5 Nxd5 8.
Bd2 O-O 9. Bd3 Nc6 10. O-O Nf6 11. a3 Be7 12. Bg5 Nd5 13. Bxe7 Ncxe7 14. Rc1 b6
15. Ne5 Bb7 16. Qd2 Nf6 17. Rfd1 Rc8 18. Qf4 Ng6 19. Bxg6 hxg6 20. Rd3 Rc7 21.
Rcd1 Nd5 22. Nxd5 Qxd5 23. Rg3 Rfc8 24. h4 Qe4 25. Rg4 Qxf4 26. Rxf4 Rd8 27.
Kh2 f6 28. Nxg6 e5 29. Rg4 Bc8 30. Rg3 Rxd4 31. Rxd4 exd4 32. h5 Bf5 33. Nh4
Be4 34. Nf3 d3 35. Nd2 Bf5 36. h6 g6 37. Re3 Kh7 38. g4 Bxg4 39. Rxd3 Kxh6 40.
Kg3 Bf5 41. Rd4 g5 42. f4 Kg6 43. fxg5 fxg5 44. Nf3 Re7 45. Rd2 Kf6 46. Rd5 Rd7
47. Rxd7 Bxd7 48. Nd2 Ke5 49. Nf3+ Kd5 50. Nxg5 Kc4 51. Nf3 Kb3 52. Ne5 Bf5 53.
Nf3 Kxb2 54. Nd4 Bd7 55. Kf2 Kxa3 56. Ke3 Kb2 57. Kd2 a5 58. Nc2 Be6 59. Ne3
Bb3 60. Ng4 b5 61. Ne5 Bc4 62. Ng4 a4 63. Ne3 Bb3 0-1

[Event "7. LGA Premium Cup"]
[Site "Nürnberg"]
[Date "2010.09.05"]
[Round "6.46"]
[White "Hund, Gerhard"]
[Black "Scheremet, Michael"]
[Result "0-1"]
[WhiteElo "2119"]
[BlackElo "2266"]
[PlyCount "74"]
[EventDate "2010.09.02"]
[WhiteTeam "SK Mering"]
[BlackTeam "SC Noris-Tarrasch Nürnberg 1873"]

1. d4 d5 2. Nf3 Nf6 3. Bf4 g6 4. g3 Bg7 5. Bg2 O-O 6. Qc1 Re8 7. Ne5 c5 8. c3
Nc6 9. Nxc6 bxc6 10. O-O Qb6 11. dxc5 Qxc5 12. Nd2 Ba6 13. Nb3 Qb6 14. Be3 Qc7
15. Re1 Rad8 16. Nc5 Bc8 17. Bg5 Qd6 18. b4 Ng4 19. h3 Ne5 20. Bf4 f5 21. Qc2
Qf6 22. Rac1 g5 23. Bxe5 Qxe5 24. Qa4 f4 25. gxf4 Qxf4 26. Qxc6 Be5 27. Ne6
Qh2+ 28. Kf1 Rf8 29. Nxg5 Rxf2+ 30. Kxf2 Qg3+ 31. Kf1 Qxg5 32. Bxd5+ Kh8 33. e3
Bxh3+ 34. Ke2 Bd7 35. Qc4 Bg4+ 36. Bf3 Bxf3+ 37. Kxf3 Qg3+ 0-1

[Event "7. LGA Premium Cup"]
[Site "Nürnberg"]
[Date "2010.09.05"]
[Round "6.48"]
[White "Troyke, Doreen"]
[Black "Böhle, Lars"]
[Result "1/2-1/2"]
[WhiteElo "2078"]
[BlackElo "2222"]
[PlyCount "110"]
[EventDate "2010.09.02"]
[WhiteTeam "Erfurter Schachklub"]
[BlackTeam "Schachgesellschaft Bochum 1931"]

1. g3 d5 2. Bg2 Nf6 3. c4 e6 4. Nf3 dxc4 5. Qa4+ c6 6. Qxc4 b5 7. Qb3 Bb7 8.
O-O Nbd7 9. d3 Be7 10. Nc3 a6 11. Bg5 c5 12. a3 O-O 13. Rac1 h6 14. Bf4 Rc8 15.
Rfd1 Qb6 16. h3 Rfd8 17. g4 Nd5 18. Bg3 Nxc3 19. Qxc3 Nf6 20. Be5 Nd5 21. Qd2
f6 22. Bg3 Bd6 23. Bxd6 Qxd6 24. e3 Rd7 25. Qe2 Ne7 26. d4 c4 27. e4 Qb6 28.
Qe3 Rcd8 29. Rd2 Kh8 30. Rcd1 a5 31. h4 Qc7 32. g5 Kh7 33. Bh3 f5 34. Ne5 Bxe4
35. Nxd7 Rxd7 36. h5 Nd5 37. g6+ Kg8 38. Qg3 Qxg3+ 39. fxg3 b4 40. axb4 axb4
41. Rc1 c3 42. bxc3 bxc3 43. Ra2 Kf8 44. Bg2 Bxg2 45. Kxg2 Ke7 46. Kf3 Nf6 47.
Rxc3 Nxh5 48. Ra4 Nf6 49. Rc6 Ne4 50. Kf4 Ng5 51. g4 fxg4 52. Kxg4 Kf6 53. Kh5
Ne4 54. Kh4 Ng5 55. Kh5 Ne4 1/2-1/2

[Event "7. LGA Premium Cup"]
[Site "Nürnberg"]
[Date "2010.09.05"]
[Round "6.51"]
[White "Stein, Tobias"]
[Black "Schönberger, Peter"]
[Result "1/2-1/2"]
[WhiteElo "2036"]
[BlackElo "2174"]
[PlyCount "97"]
[EventDate "2010.09.02"]
[WhiteTeam "SV Alsfeld"]
[BlackTeam "Caissa Schwarmstedt"]

1. e4 e5 2. Nf3 Nc6 3. Bb5 a6 4. Ba4 Nf6 5. d3 d6 6. O-O Be7 7. c3 b5 8. Bb3
O-O 9. a4 b4 10. Re1 Rb8 11. Nbd2 Na5 12. Ba2 c5 13. d4 Qc7 14. dxe5 dxe5 15.
Nc4 Nxc4 16. Bxc4 Bb7 17. Qe2 a5 18. Bd5 Nxd5 19. exd5 Bxd5 20. Qxe5 Qxe5 21.
Nxe5 Rfe8 22. Bf4 bxc3 23. bxc3 Rb3 24. c4 Be6 25. Nc6 Bf6 26. Nxa5 Bxa1 27.
Nxb3 Bc3 28. Bd2 Bxd2 29. Nxd2 Rd8 30. Ne4 Rd4 31. Nxc5 Rxc4 32. Nxe6 fxe6 33.
Ra1 Rc6 34. a5 Ra6 35. Kf1 Kf7 36. Ke2 Ke7 37. Kd3 Kd6 38. Kc4 Kc6 39. Kb4 Kb7
40. Rd1 Kc6 41. Re1 Kb7 42. Rc1 Rd6 43. Kb5 Rd2 44. a6+ Kb8 45. Rc6 Rxf2 46.
Rxe6 Rxg2 47. Re8+ Ka7 48. Re7+ Ka8 49. Re8+ 1/2-1/2

[Event "7. LGA Premium Cup"]
[Site "Nürnberg"]
[Date "2010.09.05"]
[Round "6.52"]
[White "Martin Fernandez, Rodrigo"]
[Black "Uhlmann, David"]
[Result "1/2-1/2"]
[WhiteElo "2169"]
[BlackElo "1997"]
[PlyCount "101"]
[EventDate "2010.09.02"]
[WhiteTeam "SC Erlangen 48/88"]
[BlackTeam "SC 1911 Großröhrsdorf"]

1. d4 Nf6 2. c4 e6 3. Nc3 Bb4 4. Qc2 Nc6 5. Nf3 d6 6. a3 Bxc3+ 7. Qxc3 h6 8. g3
Qe7 9. Bg2 e5 10. dxe5 dxe5 11. O-O O-O 12. b4 Bg4 13. Be3 Rfd8 14. Rfe1 Ne4
15. Qb2 Nd6 16. Rac1 e4 17. Nd4 Ne5 18. c5 Nf5 19. Nxf5 Bxf5 20. Bd4 f6 21.
Red1 Nc6 22. Be3 Rxd1+ 23. Rxd1 Rd8 24. Rxd8+ Qxd8 25. Qb3+ Kh8 26. h3 Nd4 27.
Qc4 Nc6 28. Qc1 Ne5 29. Qd2 Qxd2 30. Bxd2 Nc4 31. Bc1 Kg8 32. g4 Bh7 33. f4 f5
34. e3 b5 35. cxb6 cxb6 36. a4 Kf8 37. Bf1 Bg8 38. gxf5 Nd6 39. b5 Nxf5 40.
Ba3+ Ke8 41. Kf2 Bb3 42. a5 Kd7 43. axb6 axb6 44. h4 Nxh4 45. Bf8 Nf5 46. Bh3
g6 47. Bxh6 Bc4 48. Bf8 Bxb5 49. Ke1 Kc6 50. Kd2 Kd5 51. Bxf5 1/2-1/2

[Event "7. LGA Premium Cup"]
[Site "Nürnberg"]
[Date "2010.09.05"]
[Round "6.53"]
[White "Luther, Helmut"]
[Black "Mihok, Laszlo"]
[Result "0-1"]
[WhiteElo "2020"]
[BlackElo "2151"]
[PlyCount "23"]
[EventDate "2010.09.02"]
[WhiteTeam "SW Nürnberg Süd e.V."]
[BlackTeam "SK Tempelhof 1931 e.V."]

1. d4 d5 2. Nf3 Nf6 3. Bg5 Ne4 4. Bh4 c5 5. e3 Qb6 6. Qc1 Qh6 7. Bb5+ Bd7 8.
Bxd7+ Nxd7 9. O-O g5 10. Bg3 Nxg3 11. fxg3 g4 12. Nfd2 0-1

[Event "7. LGA Premium Cup"]
[Site "Nürnberg"]
[Date "2010.09.05"]
[Round "6.54"]
[White "Herning, Jens"]
[Black "Baskin, Robert"]
[Result "0-1"]
[WhiteElo "2151"]
[BlackElo "1870"]
[PlyCount "62"]
[EventDate "2010.09.02"]
[WhiteTeam "SG Büchenbach/Roth e.V."]
[BlackTeam "SAbt TuS Makkabi Ffm"]

1. d4 e6 2. c4 d5 3. Nc3 Nf6 4. Bg5 Be7 5. e3 O-O 6. Nf3 Nbd7 7. Rc1 a6 8. a4
dxc4 9. Bxc4 c5 10. O-O b6 11. Qe2 Bb7 12. Rfd1 Qc7 13. e4 cxd4 14. Nxd4 Ne5
15. Bxe6 fxe6 16. Nd5 Qd6 17. Nf5 exf5 18. Nxf6+ Qxf6 19. Bxf6 Bxf6 20. f4 Ng6
21. e5 Be7 22. Rd7 Be4 23. Rcc7 Kh8 24. Rxe7 Nxe7 25. Rxe7 Rac8 26. Qd1 Rc2 27.
Qd7 Bc6 28. Re8 Rxe8 29. Qxf5 Rxg2+ 30. Kf1 Rd8 31. Ke1 Bf3 0-1

[Event "7. LGA Premium Cup"]
[Site "Nürnberg"]
[Date "2010.09.05"]
[Round "6.55"]
[White "Willim, Michael"]
[Black "Hörmann, Gunther"]
[Result "1/2-1/2"]
[WhiteElo "2134"]
[BlackElo "2014"]
[PlyCount "113"]
[EventDate "2010.09.02"]
[WhiteTeam "SC Erlangen 48/88"]
[BlackTeam "TSV Cadolzburg e.V."]

1. g3 Nf6 2. c4 c6 3. Bg2 d5 4. Nf3 e6 5. O-O Be7 6. Qc2 O-O 7. d4 Ne4 8. Nbd2
f5 9. Ne5 Qe8 10. Nxe4 fxe4 11. f3 exf3 12. Bxf3 Nd7 13. Nxd7 Bxd7 14. e4 Qg6
15. Qe2 dxe4 16. Qxe4 Qxe4 17. Bxe4 Rxf1+ 18. Kxf1 Bf6 19. Be3 Rd8 20. Rd1 Be8
21. b3 Bf7 22. Rd2 h6 23. Ke2 g5 24. Bf2 Kg7 25. Ke3 Kf8 26. Rd3 Kg7 27. Be1
Be7 28. Bc3 Bf6 29. Rd2 Bg6 30. Bxg6 Kxg6 31. g4 h5 32. gxh5+ Kxh5 33. Rf2 Kg6
34. Ke4 c5 35. Rd2 Rh8 36. Bb2 Rh4+ 37. Ke3 g4 38. Rf2 cxd4+ 39. Kf4 Bg5+ 40.
Ke5 d3 41. Bc3 Be3 42. Rg2 Kg5 43. Bd2 Rh3 44. Ke4 Bxd2 45. Rxd2 Rh7 46. c5 a5
47. a3 Rc7 48. b4 axb4 49. axb4 b6 50. cxb6 Rc4+ 51. Ke5 Rxb4 52. Rxd3 Rb5+ 53.
Kxe6 Rxb6+ 54. Ke5 Rb8 55. Rd7 Re8+ 56. Kd4 Re2 57. Rh7 1/2-1/2

[Event "7. LGA Premium Cup"]
[Site "Nürnberg"]
[Date "2010.09.05"]
[Round "6.56"]
[White "Arnold, Max"]
[Black "Schupp, Uwe"]
[Result "1-0"]
[WhiteElo "1950"]
[BlackElo "2133"]
[PlyCount "141"]
[EventDate "2010.09.02"]
[WhiteTeam "SF Pfalzgrafenweiler"]
[BlackTeam "SC Bad Nauheim"]

1. e4 d6 2. d4 Nf6 3. Nc3 e5 4. Nf3 exd4 5. Nxd4 Be7 6. g3 Nc6 7. Bg2 Nxd4 8.
Qxd4 O-O 9. O-O Bd7 10. h3 Bc6 11. b4 a6 12. Bb2 Qd7 13. Rad1 Rad8 14. a3 Rfe8
15. Nd5 Bxd5 16. exd5 Nh5 17. Qd3 Bf6 18. Bc1 g6 19. g4 Ng7 20. c4 Qe7 21. Qf3
Be5 22. Rfe1 Qf6 23. Re2 Qxf3 24. Bxf3 Re7 25. Rde1 Rde8 26. Kf1 Bf6 27. Rxe7
Rxe7 28. Rxe7 Bxe7 29. Ke2 Ne8 30. Kd3 Nf6 31. Bd1 Nd7 32. f4 h6 33. a4 Kg7 34.
a5 Bf6 35. Ba4 Nf8 36. Be3 g5 37. f5 Bd8 38. Bd4+ Bf6 39. b5 Bxd4 40. Kxd4 Kf6
41. bxa6 bxa6 42. Bc6 Ke7 43. Bb7 Nd7 44. Bxa6 Nc5 45. Bb5 Nb3+ 46. Kc3 Nxa5
47. Ba6 c5 48. Kb2 Kd7 49. Ka3 Kc7 50. f6 Kb6 51. Bb5 Nb7 52. Be8 Nd8 53. Ka4
Kb7 54. Kb5 Kc7 55. Ka6 Kb8 56. Kb6 Kc8 57. Bc6 Kb8 58. Bd7 Nb7 59. Kc6 Na5+
60. Kxd6 Nxc4+ 61. Kxc5 Ne5 62. Kd6 Nc4+ 63. Ke7 Kc7 64. Be8 Nd6 65. Bxf7 Nc8+
66. Ke6 Kd8 67. Bg6 Nb6 68. Bd3 Ke8 69. Bb5+ Kf8 70. d6 Na8 71. d7 1-0

[Event "7. LGA Premium Cup"]
[Site "Nürnberg"]
[Date "2010.09.05"]
[Round "6.57"]
[White "Adler, Herbert"]
[Black "Meulner, Klaus"]
[Result "1-0"]
[WhiteElo "2006"]
[BlackElo "2188"]
[PlyCount "125"]
[EventDate "2010.09.02"]
[WhiteTeam "SG Büchenbach/Roth e.V."]
[BlackTeam "SW Nürnberg Süd e.V."]

1. d4 d6 2. Nf3 Bg4 3. Nbd2 Nf6 4. c4 Nbd7 5. h3 Bh5 6. g4 Bg6 7. Bg2 e5 8.
dxe5 dxe5 9. Nh4 c6 10. a3 a5 11. b3 Bc5 12. Nxg6 hxg6 13. e3 g5 14. Bb2 Qe7
15. Qc2 g6 16. Nf3 Nh7 17. Qe4 Nhf6 18. Qc2 Nh7 19. O-O O-O 20. Rfd1 Rfd8 21.
Rd2 Nhf8 22. Rad1 f6 23. Qc1 Ne6 24. Ne1 Bb6 25. Qc2 Kg7 26. b4 Ndf8 27. c5 Bc7
28. Bf1 Rxd2 29. Rxd2 Rd8 30. Bc4 axb4 31. axb4 Rxd2 32. Qxd2 Qd8 33. Qc2 Bb8
34. Qb3 Nc7 35. e4 Qd7 36. Nd3 Nce6 37. Qc3 Nd4 38. Ne1 Nfe6 39. Kf1 Nf4 40.
Ba2 Nde6 41. Qc4 Kf7 42. Qb3 Bc7 43. Bc1 Ke7 44. Bxf4 gxf4 45. h4 Nd8 46. Qg8
Qxg4 47. Qg7+ Ke8 48. Qxf6 Kd7 49. Qg5 Qh3+ 50. Ke2 Qa3 51. Qg4+ Ke7 52. Qg5+
Kd7 53. Qg4+ Ke7 54. Bg8 Qb2+ 55. Kf1 Qxb4 56. Qxg6 Kf8 57. h5 Qxc5 58. h6 Qe7
59. Bb3 Qh4 60. h7 Bb6 61. Nd3 f3 62. Qg8+ Ke7 63. h8=Q 1-0

[Event "7. LGA Premium Cup"]
[Site "Nürnberg"]
[Date "2010.09.05"]
[Round "6.58"]
[White "Lauterbach, Ingrid"]
[Black "Renner, Gabriele"]
[Result "1-0"]
[WhiteElo "2169"]
[BlackElo "2008"]
[PlyCount "83"]
[EventDate "2010.09.02"]
[WhiteTeam "Karlsruher SF 1853"]
[BlackTeam "FC Bayern München e.V."]

1. Nf3 Nf6 2. d4 d5 3. c4 e6 4. g3 c6 5. Nbd2 Bd6 6. Bg2 Nbd7 7. b3 O-O 8. Bb2
Re8 9. O-O Qc7 10. Rc1 b6 11. e4 dxe4 12. Ng5 Bb7 13. Ngxe4 Be7 14. Nxf6+ Nxf6
15. d5 exd5 16. cxd5 c5 17. d6 Bxd6 18. Bxf6 Bxg2 19. Kxg2 Qc6+ 20. Kg1 gxf6
21. Qg4+ Kh8 22. Qh5 Re7 23. Rc4 Rg8 24. Rh4 Rg7 25. Nc4 Bc7 26. a4 Kg8 27. Qf5
Rg6 28. Rd1 Qe6 29. Ne3 Kg7 30. Qd3 Kg8 31. Nf5 Re8 32. Qd7 Bb8 33. Kg2 Rg5 34.
Nh6+ Kf8 35. Qb7 f5 36. Rd7 Rg7 37. Qd5 f4 38. Nf5 Rg6 39. Rxh7 fxg3 40. hxg3
Kg8 41. Qxe6 fxe6 42. Nh6+ 1-0

[Event "7. LGA Premium Cup"]
[Site "Nürnberg"]
[Date "2010.09.05"]
[Round "6.59"]
[White "Lodes, Hermann"]
[Black "Zeitler, Hans-Jürgen"]
[Result "1/2-1/2"]
[WhiteElo "2144"]
[BlackElo "1970"]
[PlyCount "41"]
[EventDate "2010.09.02"]
[BlackTeam "SC Waischenfeld"]

1. d4 f5 2. e4 fxe4 3. Nc3 Nf6 4. Bg5 Nc6 5. f3 d5 6. fxe4 dxe4 7. d5 Ne5 8.
Qd4 Nf7 9. Bxf6 exf6 10. Nxe4 f5 11. Nc3 Bd6 12. Nf3 Qe7+ 13. Kd2 O-O 14. Re1
Qd8 15. Bd3 Bd7 16. Kc1 Re8 17. Kb1 a6 18. Rxe8+ Qxe8 19. Re1 Qf8 20. Nd1 Re8
21. Rxe8 1/2-1/2

[Event "7. LGA Premium Cup"]
[Site "Nürnberg"]
[Date "2010.09.05"]
[Round "6.60"]
[White "Süß, Helmut"]
[Black "Nuding, Matthias"]
[Result "1/2-1/2"]
[WhiteElo "1989"]
[BlackElo "2130"]
[PlyCount "84"]
[EventDate "2010.09.02"]
[WhiteTeam "SC Noris-Tarrasch Nürnberg 1873"]
[BlackTeam "SW Nürnberg Süd e.V."]

1. d4 e6 2. c4 d5 3. Nc3 Be7 4. Nf3 Nf6 5. Bg5 h6 6. Bh4 O-O 7. e3 Ne4 8. Bxe7
Qxe7 9. Qc2 c6 10. Nxe4 dxe4 11. Qxe4 Qb4+ 12. Nd2 Qxb2 13. Qb1 Qxb1+ 14. Rxb1
b6 15. Be2 Nd7 16. Bf3 Bb7 17. O-O Rac8 18. Rfc1 Rc7 19. Nb3 Rfc8 20. a4 c5 21.
Bxb7 Rxb7 22. Nd2 cxd4 23. exd4 Rbc7 24. Rb5 Rc6 25. Kf1 Rd6 26. Nf3 g5 27. g4
f6 28. Ke2 Kf7 29. Rc3 h5 30. h3 hxg4 31. hxg4 Rdc6 32. Nd2 Rh8 33. Rb1 Rh4 34.
Rg3 Kg6 35. Nf3 Rh7 36. Nd2 Nf8 37. Rd3 Rd7 38. Rh1 Rh7 39. Rxh7 Kxh7 40. Rh3+
Kg7 41. Ra3 a5 42. Rb3 Ng6 1/2-1/2

[Event "7. LGA Premium Cup"]
[Site "Nürnberg"]
[Date "2010.09.05"]
[Round "6.62"]
[White "Kregelin, Jan"]
[Black "Eber, Fabian"]
[Result "1/2-1/2"]
[WhiteElo "2090"]
[BlackElo "1942"]
[PlyCount "77"]
[EventDate "2010.09.02"]
[WhiteTeam "SC Hoyerswerda"]
[BlackTeam "SF Wilhermsdorf e.V."]

1. d4 d5 2. c4 c6 3. Nf3 Nf6 4. e3 Bf5 5. Nc3 e6 6. Nh4 Bg6 7. Nxg6 hxg6 8. Qb3
Qc7 9. h3 Nbd7 10. Bd2 Bd6 11. Rc1 Qb8 12. Be2 Ne4 13. Nxe4 dxe4 14. Qc2 f5 15.
c5 Bc7 16. Bc4 Kf7 17. b4 a6 18. a4 Nf6 19. Qb3 Nd5 20. b5 axb5 21. axb5 Ba5
22. Bxa5 Rxa5 23. Rb1 Qc7 24. O-O Rha8 25. bxc6 bxc6 26. Rb2 Ra3 27. Qb7 R3a7
28. Qxc7+ Rxc7 29. Bxd5 exd5 30. Rfb1 Ke6 31. Rb7 Kd7 32. R1b2 g5 33. Rb8 Rxb8
34. Rxb8 Rc8 35. Rb7+ Rc7 36. Rb8 Rc8 37. Rb7+ Rc7 38. Rxc7+ Kxc7 39. Kh2
1/2-1/2

[Event "7. LGA Premium Cup"]
[Site "Nürnberg"]
[Date "2010.09.05"]
[Round "6.63"]
[White "Sha, Siyu"]
[Black "Walter, Florian"]
[Result "0-1"]
[WhiteElo "1918"]
[BlackElo "2019"]
[PlyCount "58"]
[EventDate "2010.09.02"]
[WhiteTeam "SC Noris-Tarrasch Nürnberg 1873"]
[BlackTeam "SV Lauf a.d.P."]

1. e4 g6 2. d4 Bg7 3. Nc3 d6 4. Be3 Nd7 5. f4 e6 6. Bd3 Ne7 7. Nf3 a6 8. Ne2 c5
9. c3 b5 10. O-O Bb7 11. Ng5 h6 12. Nf3 c4 13. Bc2 f5 14. exf5 gxf5 15. Ng3 Nf6
16. Bd2 Qd7 17. Re1 O-O-O 18. a4 Ng6 19. Rxe6 Be4 20. Nxe4 Qxe6 21. Ng3 Ne7 22.
axb5 axb5 23. Qb1 Ne4 24. Nxf5 Nxd2 25. Nxd2 Rhg8 26. Ra7 Nc6 27. d5 Qxd5 28.
Ne7+ Nxe7 29. Rxe7 Bd4+ 0-1

[Event "7. LGA Premium Cup"]
[Site "Nürnberg"]
[Date "2010.09.05"]
[Round "6.64"]
[White "Fiedler, Wolfgang"]
[Black "Ortpaul, Mario"]
[Result "1-0"]
[WhiteElo "2073"]
[BlackElo "1958"]
[PlyCount "85"]
[EventDate "2010.09.02"]
[WhiteTeam "SC Forchheim e.V."]
[BlackTeam "Schachklub Halle 1946 e.V."]

1. Nf3 Nf6 2. g3 g6 3. Bg2 Bg7 4. d3 c5 5. c4 Nc6 6. Nc3 O-O 7. O-O d6 8. h3 a6
9. Bd2 Rb8 10. a4 Qc7 11. Rc1 Be6 12. e4 Nd4 13. Nxd4 cxd4 14. Ne2 Qb6 15. b4
Bd7 16. f4 e5 17. g4 Ne8 18. f5 Kh8 19. b5 axb5 20. axb5 gxf5 21. exf5 f6 22.
Ra1 Nc7 23. Ba5 Qc5 24. Nc1 Ne8 25. Nb3 Qc8 26. Bb4 Bh6 27. Bd2 Bxd2 28. Nxd2
Qc5 29. Ne4 Qb6 30. Qe1 d5 31. cxd5 Qxb5 32. Qg3 Qb6 33. Qh4 Qb5 34. Rad1 Rc8
35. Qh6 Rf7 36. g5 Rc2 37. gxf6 Qb3 38. Bf3 Nxf6 39. Nxf6 Rg7+ 40. Ng4 Bxf5 41.
Rb1 Qa2 42. Rxb7 Rg8 43. Qf6+ 1-0

[Event "7. LGA Premium Cup"]
[Site "Nürnberg"]
[Date "2010.09.05"]
[Round "6.66"]
[White "Karasek, Christian"]
[Black "Bonk, Andras"]
[Result "1-0"]
[WhiteElo "2063"]
[BlackElo "1859"]
[PlyCount "93"]
[EventDate "2010.09.02"]
[BlackTeam "SV Mendig-Mayen e.V."]

1. e4 c5 2. Nf3 Nc6 3. d4 cxd4 4. Nxd4 Nf6 5. Nc3 e6 6. g3 Bc5 7. Nb3 Bb4 8.
Bg2 d5 9. O-O O-O 10. exd5 exd5 11. Nxd5 Nxd5 12. Qxd5 Qxd5 13. Bxd5 Bh3 14.
Bg2 Bxg2 15. Kxg2 Rfe8 16. c3 Bf8 17. Be3 Ne5 18. Rab1 Nc4 19. Rfe1 Re5 20. Nd2
Nxe3+ 21. Rxe3 Rxe3 22. fxe3 Rd8 23. Nb3 g6 24. Kf3 Bh6 25. Re1 Kg7 26. Nd4 Kf6
27. Rd1 Ke7 28. Rd3 Bg7 29. Ke2 a6 30. Nb3 Rxd3 31. Kxd3 Kd6 32. Nd4 b6 33. b4
Bf6 34. Nf3 h6 35. e4 Bg7 36. Nd2 b5 37. Nb3 Kc6 38. c4 bxc4+ 39. Kxc4 Bf8 40.
Nc5 Bxc5 41. bxc5 f6 42. a4 h5 43. Kd4 g5 44. Kc4 Kc7 45. Kd5 Kd7 46. c6+ Kc7
47. Ke6 1-0

[Event "7. LGA Premium Cup"]
[Site "Nürnberg"]
[Date "2010.09.05"]
[Round "6.67"]
[White "Henrichs, Wenke"]
[Black "Zikeli, Julia"]
[Result "1-0"]
[WhiteElo "2061"]
[BlackElo "1844"]
[PlyCount "103"]
[EventDate "2010.09.02"]
[WhiteTeam "Schachverein Wattenscheid 1930"]
[BlackTeam "SG Schwäb.Gmünd 1872 e.V"]

1. d4 Nf6 2. c4 g6 3. Nc3 Bg7 4. e4 d6 5. f3 O-O 6. Be3 e5 7. d5 Ne8 8. Bd3 f5
9. Qd2 f4 10. Bf2 Nf6 11. Nge2 g5 12. c5 Nbd7 13. cxd6 cxd6 14. h3 a6 15. b4
Nb6 16. a4 Bd7 17. a5 Nc8 18. Nc1 h5 19. Nb3 g4 20. hxg4 hxg4 21. b5 Kf7 22.
Qe2 axb5 23. Bxb5 Bxb5 24. Qxb5 Qe7 25. Ra4 Na7 26. Bxa7 Rxa7 27. Rc4 gxf3 28.
gxf3 Rh8 29. Rxh8 Bxh8 30. Qb6 Ra6 31. Qc7 Ne8 32. Qc8 Bf6 33. Rb4 Bh4+ 34. Ke2
Kf8 35. Rxb7 Qg5 36. Qe6 Qg2+ 37. Kd3 Qxf3+ 38. Kc4 Qh5 39. Kb5 Ra8 40. a6 Bd8
41. Qd7 Nc7+ 42. Kc4 Qg6 43. a7 f3 44. Nd2 Qf6 45. Rxc7 Bxc7 46. Qxc7 f2 47.
Qb8+ Qd8 48. Qxd8+ Rxd8 49. Nb5 Ra8 50. Kb4 Ke7 51. Ka5 Kd7 52. Kb6 1-0